| 000 | 00000nam 2200000za 4500 |
| 001 | 9.696913 |
| 003 | CaOODSP |
| 005 | 20250506145324 |
| 007 | cr ||||||||||| |
| 008 | 150407|1980||||xxc|||||o f|0| 0 eng d |
| 040 | |aCaOODSP|beng |
| 043 | |an-cn--- |
| 086 | 1 |aA15-1712/1980E-PDF |
| 110 | 1 |aCanada.|bAgriculture Canada. |
| 245 | 10|aFarm-scale production and use of fuel alcohol : |h[electronic resource]|bopportunities and problems |
| 260 | |aOttawa - Ontario : |bAgriculture Canada |cc1980. |
| 300 | |a14p.|bfig., glossary, table |
| 590 | |a12-42-Supp|b2012-11-21 |
| 690 | 07|aAgri-food products|2gcpds |
| 775 | 08|tProduction et utilisation d'alcool combustible à la ferme : |w(CaOODSP)9.640993 |
| 856 | 40|ahttp://publications.gc.ca|qPDF|s671 KB|uhttps://publications.gc.ca/collections/collection_2012/agr/A15-1712-1980-eng.pdf |